MARC

LEADER 00000nam0a2200000 4500
001 66633
005 20231031072525.0
035 |a (RuTPU)RU\TPU\book\70840 
090 |a 66633 
100 |a 20040901d1968 km y0rusy50 ca 
101 0 |a rus 
102 |a RU 
105 |a a z 001zy 
200 1 |a Методы уменьшения влияния помех в термометрических цепях  |f А. Н. Серьезнов, М. П. Цапенко 
210 |a Москва  |c Энергия  |d 1968 
215 |a 72 с.  |c ил. 
225 1 |a Библиотека по автоматике  |h Вып. 282 
320 |a Библиогр.: с. 67-69 
610 1 |a теплоизмерительные приборы 
610 1 |a термометрические цепи 
610 1 |a помехоустойчивость 
610 1 |a расчеты 
610 1 |a помехи 
610 1 |a уменьшение 
675 |a 621.1.002.56  |v 3 
700 1 |a Серьезнов  |b А. Н.  |g Алексей Николаевич 
701 1 |a Цапенко  |b М. П.  |g Михаил Петрович 
801 1 |a RU  |b 63413507  |c 20040901  |g PSBO 
801 2 |a RU  |b 63413507  |c 20220919  |g RCR 
942 |c BK